| 000 | 00322nam a2200121Ia 4500 | ||
|---|---|---|---|
| 008 | 210430s9999 xx 000 0 und d | ||
| 082 | _a530.076 H1571S | ||
| 100 |
_aHelpern Alvin _954819 |
||
| 245 |
_a3000 Solved Problems In Physics _cHelpern Alvin |
||
| 260 |
_bMc Graw Hill _c1993 |
||
| 300 | _a736p. | ||
| 942 |
_cBK _2ddc |
||
| 999 |
_c565580 _d565580 |
||